000 04060cam a2200457 a 4500
999 _c6016
_d6016
001 15093809
003 GZU
005 20210414162456.0
008 071121s2008 maua b 001 0 eng
010 _a 2007048187
016 7 _a101321581
_2DNLM
020 _a9781405177399
020 _a9781455742370
020 _a140517739X
035 _a(OCoLC)ocn182613553
035 _a(OCoLC)182613553
040 _aDNLM/DLC
_cDLC
_dNLM
_dBTCTA
_dBAKER
_dYDXCP
_dC#P
_dDLC
050 0 0 _aRC685
_bCAC 2014
245 0 0 _aCardiac resynchronization therapy /
_cedited by Cheuk-Man Yu, David L. Hayes, Angelo Auricchio.
250 _a2nd ed.
260 _aPhiladelphia. :
_bElsevier / Saunders,
_cc2014.
300 _axxiii, 327 p. :
_bill. (some col.) ;
_c27 cm. +
_e1 CD-ROM (4 3/4 in.)
504 _aIncludes bibliographical references and index.
505 0 _aThe epidemiology of heart failure and commonly associated conduction disorders / Maren E. Jeffery & Mariell Jessup -- Comprehensive pharmacologic management strategies for heart failure / Garrie J. Haas & William T. Abraham -- Electrical activation sequence / Cecilia Fantoni & Angelo Auricchio -- Myocardial mechano-energetics / Tammo Delhaas & Frits W. Prinzen -- Assessment of electrical and mechanical dyssynchrony: conventional echocardiography / Ole-A. Breithardt -- Newer echocardiographic techniques for the assessment of cardiac resynchronization therapy / Cheuk-Man Yu & Qing Zhang -- Value of non-echocardiographic imaging techniques in cardiac resynchronization therapy / Claudia Ypenburg ... [et al.] -- Programming and diagnostic features of cardiac resynchronization therapy devices / David Luria, Osnat Gurevitz & Michael Glikson -- Anatomy of the coronary sinus / Samuel J. Asirvatham --
505 0 _aTechniques for visualizing the coronary sinus and coronary venous anatomy / Jagmeet P. Singh & Angelo Auricchio -- Implantation techniques for cardiac resynchronization therapy / Michael O. Sweeney -- Surgical approaches to epicardial left ventricular lead implantation for biventricular pacing / Sandhya K. Balaram, Joseph J. DeRose Jr & Jonathan S. Steinberg -- Remote navigation implantation technique / Carlo Pappone & Vincenzo Santinelli -- Clinical trials supporting current indications for CRT / David L. Hayes & William T. Abraham -- Trials of CRT in atrial fibrillation and atrial rhythm management issues / Maurizio Gasparini & François Regoli -- Ongoing trials to further shape the future of CRT / David L. Hayes & Cheuk-Man Yu -- Consideration of CRT in the pediatric population / Anne M. Dubin -- Importance of the surface electrocardiogram for the assessment of cardiac resynchronization / S. Serge Barold, Michael C. Giudici & Bengt Herweg -- Troubleshooting / Christophe Leclercq, Philippe Mabo & J. Claude Daubert -- Optimization of cardiac resynchronization therapy / Jeffrey Wing-Hong Fung, Stephane Garrigue & Cheuk-Man Yu -- Management strategies for patients not responding to CRT / John P. Boehmer -- Device-based monitoring and lung impedance / Jeffrey Wing-Hong Fung, Philip B. Adamson & Cheuk-Man Yu -- Device-based patient management / Maria Rosa Costanzo & Salpy Pamboukian -- Health economics / Francisco Leyva.
650 0 _aCardiac pacing.
650 0 _aCongestive heart failure.
650 0 _aImplantable cardioverter-defibrillators.
650 1 2 _aCardiac Pacing, Artificial
_xmethods.
650 1 2 _aHeart Failure
_xtherapy.
650 2 2 _aDefibrillators, Implantable.
650 2 2 _aPacemaker, Artificial.
700 1 _aYu, Cheuk-Man.
_eeditor
700 1 _aHayes, David L.
_eeditor
700 1 _aAuricchio, Angelo.
_eeditor
856 4 2 _3Contributor biographical information
_uhttp://www.loc.gov/catdir/enhancements/fy0833/2007048187-b.html
856 4 2 _3Publisher description
_uhttp://www.loc.gov/catdir/enhancements/fy0833/2007048187-d.html
856 4 1 _3Table of contents only
_uhttp://www.loc.gov/catdir/enhancements/fy0834/2007048187-t.html
906 _a7
_bcbc
_corignew
_d1
_eecip
_f20
_gy-gencatlg
942 _2lcc
_cBK
_h685
_iCAC
_kRC